<?xml version="1.0" encoding="UTF-8"?>
<record
    xmlns:xsi="http://www.w3.org/2001/XMLSchema-instance"
    xsi:schemaLocation="http://www.loc.gov/MARC21/slim http://www.loc.gov/standards/marcxml/schema/MARC21slim.xsd"
    xmlns="http://www.loc.gov/MARC21/slim">

  <leader>00859nam a2200145Ia 4500</leader>
  <controlfield tag="008">090124s9999    xx            000 0 und d</controlfield>
  <datafield tag="082" ind1=" " ind2=" ">
    <subfield code="b">401747</subfield>
  </datafield>
  <datafield tag="245" ind1=" " ind2=" ">
    <subfield code="a"> &#x907;&#x902;&#x926;&#x93F;&#x930;&#x93E; &#x92A;&#x94D;&#x930;&#x93F;&#x92F;&#x926;&#x930;&#x94D;&#x936;&#x93F;&#x928;&#x940; : &#x924;&#x94D;&#x92F;&#x93E;&#x902;&#x91A;&#x94D;&#x92F;&#x93E; &#x91C;&#x93F;&#x926;&#x94D;&#x926;&#x940; &#x91C;&#x940;&#x935;&#x928;&#x93E;&#x91A;&#x947; &#x913;&#x91D;&#x930;&#x924;&#x947; &#x917;&#x94B;&#x937;&#x94D;&#x91F;&#x940;&#x930;&#x941;&#x92A; &#x926;&#x930;&#x94D;&#x936;&#x928;</subfield>
  </datafield>
  <datafield tag="250" ind1=" " ind2=" ">
    <subfield code="a">1</subfield>
  </datafield>
  <datafield tag="260" ind1=" " ind2=" ">
    <subfield code="b">&#x936;&#x947;&#x935;&#x921;&#x947; &#x930;&#x93E;. &#x935;&#x93E;.</subfield>
    <subfield code="c">1984</subfield>
  </datafield>
  <datafield tag="300" ind1=" " ind2=" ">
    <subfield code="a">53+2</subfield>
  </datafield>
  <datafield tag="630" ind1=" " ind2=" ">
    <subfield code="a"> &#x907;&#x902;&#x926;&#x93F;&#x930;&#x93E; &#x92A;&#x94D;&#x930;&#x93F;&#x92F;&#x926;&#x930;&#x94D;&#x936;&#x93F;&#x928;&#x940; : &#x924;&#x94D;&#x92F;&#x93E;&#x902;&#x91A;&#x94D;&#x92F;&#x93E; &#x91C;&#x93F;&#x926;&#x94D;&#x926;&#x940; &#x91C;&#x940;&#x935;&#x928;&#x93E;&#x91A;&#x947; &#x913;&#x91D;&#x930;&#x924;&#x947; &#x917;&#x94B;&#x937;&#x94D;&#x91F;&#x940;&#x930;&#x941;&#x92A; &#x926;&#x930;&#x94D;&#x936;&#x928;</subfield>
  </datafield>
  <datafield tag="730" ind1=" " ind2=" ">
    <subfield code="a"> &#x907;&#x902;&#x926;&#x93F;&#x930;&#x93E; &#x92A;&#x94D;&#x930;&#x93F;&#x92F;&#x926;&#x930;&#x94D;&#x936;&#x93F;&#x928;&#x940; : &#x924;&#x94D;&#x92F;&#x93E;&#x902;&#x91A;&#x94D;&#x92F;&#x93E; &#x91C;&#x93F;&#x926;&#x94D;&#x926;&#x940; &#x91C;&#x940;&#x935;&#x928;&#x93E;&#x91A;&#x947; &#x913;&#x91D;&#x930;&#x924;&#x947; &#x917;&#x94B;&#x937;&#x94D;&#x91F;&#x940;&#x930;&#x941;&#x92A; &#x926;&#x930;&#x94D;&#x936;&#x928;</subfield>
  </datafield>
  <datafield tag="942" ind1=" " ind2=" ">
    <subfield code="c">BOOK</subfield>
  </datafield>
  <datafield tag="999" ind1=" " ind2=" ">
    <subfield code="c">198131</subfield>
    <subfield code="d">198131</subfield>
  </datafield>
  <datafield tag="952" ind1=" " ind2=" ">
    <subfield code="0">0</subfield>
    <subfield code="1">0</subfield>
    <subfield code="4">0</subfield>
    <subfield code="7">0</subfield>
    <subfield code="a">THNMGS</subfield>
    <subfield code="b">THNMGS</subfield>
    <subfield code="d">0000-00-00</subfield>
    <subfield code="g">6.00</subfield>
    <subfield code="l">0</subfield>
    <subfield code="o">401747</subfield>
    <subfield code="p">THNMGS-401747</subfield>
    <subfield code="r">2009-01-24 00:00:00</subfield>
    <subfield code="v">6.00</subfield>
    <subfield code="w">2009-01-24</subfield>
    <subfield code="y">BOOK</subfield>
  </datafield>
</record>
